[Event "CFriend PAN-ch corr 0405"]
[Site "Chessfriend.com"]
[Date "2005.02.01"]
[Round "1"]
[White "Roesch, Hermann"]
[Black "Sarlat, Felix"]
[Result "1/2-1/2"]
[WhiteElo "2297"]
[BlackElo "2249"]
[PlyCount "97"]
[EventDate "2005.??.??"]
[EventType "tourn (corr)"]
[EventRounds "6"]
[SourceTitle "Corr 2024"]
[Source "ChessBase"]
[SourceDate "2023.10.19"]
[SourceVersion "1"]
[SourceVersionDate "2023.10.19"]
[SourceQuality "1"]

1. d4 Nf6 2. c4 e6 3. Nc3 Bb4 4. Qc2 0-0 5. a3 Bxc3+ 6. Qxc3 b6 7. Bg5 Bb7 8. f3 h6 9. Bh4 d5 10. e3 Nbd7 11. cxd5 Nxd5 12. Bxd8 Nxc3 13. Bh4 Nd5 14. Bf2 c5 15. Bb5 Rfd8 16. e4 Nc7 17. Bxd7 Rxd7 18. dxc5 f5 19. e5 Rd5 20. cxb6 Rxe5+ 21. Ne2 Ba6 22. 0-0-0 Nd5 23. b7 Bxb7 24. Rd2 f4 25. Bd4 Rg5 26. Nc3 e5 27. Nxd5 Bxd5 28. Bc3 e4 29. h4 Rf5 30. fxe4 Bxe4 31. Re1 Bc6 32. b4 a5 33. Re7 Rf7 34. Rxf7 Kxf7 35. bxa5 g5 36. Rd6 Bxg2 37. Rxh6 gxh4 38. Rxh4 f3 39. Kd2 Ke6 40. Ke1 Kd5 41. Kf2 Ra6 42. Bd2 Rc6 43. Bg5 Kc5 44. Bd8 Kb5 45. Bb6 Ka6 46. a4 Rc2+ 47. Kg3 Ra2 48. Bd8 Kb7 49. Rb4+ 1/2-1/2

[Event "CFriend PAN-ch corr 0405"]
[Site "Chessfriend.com"]
[Date "2005.02.01"]
[Round "1"]
[White "Sarlat, Felix"]
[Black "Esquivel Golcher, Luis"]
[Result "1-0"]
[WhiteElo "2249"]
[BlackElo "1952"]
[PlyCount "53"]
[EventDate "2005.??.??"]
[EventType "tourn (corr)"]
[EventRounds "6"]
[SourceTitle "Corr 2008"]
[Source "ChessBase"]
[SourceDate "2008.06.24"]
[SourceVersion "1"]
[SourceVersionDate "2008.06.24"]
[SourceQuality "1"]

1. e4 c5 2. Nf3 Nc6 3. d4 cxd4 4. Nxd4 Nf6 5. Nc3 e5 6. Ndb5 d6 7. Bg5 a6 8. Na3 b5 9. Bxf6 gxf6 10. Nd5 f5 11. Bd3 Be6 12. Qh5 Rg8 13. g3 Rg5 14. Qd1 Bxd5 15. exd5 Ne7 16. c3 Bh6 17. Be2 Qb6 18. Nc2 Kf8 19. a4 bxa4 20. Nb4 e4 21. Qxa4 f4 22. Qa5 Qb7 23. Bxa6 Qd7 24. Qa4 Qh3 25. 0-0-0 Qg2 26. Kb1 Qxf2 27. Rhf1 1-0